MDQL
is popping MORE tags! Check the
thread
!
Quizzes
Events
Quiz Creation
Community
Videos
Private Events
Remove Ads
Sign In
Join for FREE
Feedback
Dark Mode
Quiz Categories
Sports
Geography
Music
Movies
Television
Just For Fun
Miscellaneous
History
Literature
Language
Science
Gaming
Entertainment
Religion
Holiday
For Kids
Quiz Lab
Recent
Popular Today
Quiz Kudos Today
Editor Picks
Curator Picks
Quizzes by...
Day
Popularity
Type
Ratings
Length
Year
Community
Subscriptions
Recent Discussions
Orange Saloon
Badges
Playlists
Quests
Create
Leaderboards
Showdown
Live 5
Trivia Bingo
Activity
Puzzle Library
Sporcle Events
Private Events
Virtual Trivia
Globe League
Become a Host
Pub Owners
SporcleCon
Opinionation
Our Games
Videos
Blog
Mobile Apps
Partnerships
Remove Ads and Go Orange
Feedback
Sports
Athletes
MLB
NBA
NHL
NFL
Soccer
Sports Teams
WWE
NCAA
Football
Premier League
Basketball
Baseball
Hockey
Golf
Tennis
Cricket
Rugby
Auto Racing
Olympics
World Cup
Sports
Athletes
MLB
NBA
NHL
NFL
Soccer
Sports Teams
WWE
NCAA
Football
Premier League
Basketball
Baseball
Hockey
Golf
Tennis
Cricket
Rugby
Auto Racing
Olympics
World Cup
Random Quiz
Search Sporcle
×
Quiz Lab
Quiz Lab
Sports
NHL
Type in answers that appear in a list
Type in answers that appear in a list
Classic
Best Score? Go Orange.
2009-10 NHL Awards Stats
Can you name the recipients of the 2009-10 NHL Awards?
By
stjaernstoft
3m
20 Questions
148 Plays
148 Plays
148 Plays
Comments
Comments
Give Quiz Kudos
Give Quiz Kudos
-
- Ratings
hide this ad
Replay
Link that replays current quiz
Next Quiz
Link to next quiz in quiz playlist
You Got
0%
They Got
Avg Score
68%
Avg Friend Score
Upgrade to see
Score Distribution
Jump to the score distribution portion of the page
Score
0/20
Timer
03:00
0
Plays Today
Award
Recipient(s)
% Correct
Stanley Cup
Chicago Blackhawks
98.6%
Clarence S. Campbell Bowl
Chicago Blackhawks
98.6%
Maurice 'Rocket' Richard Award
S. Crosby/S. Stamkos
89.9%
President's Trophy
Washington Capitals
88.5%
Conn Smythe Trophy
Jonathan Toews
88.5%
Art Ross Trophy
Henrik Sedin
86.5%
Hart Memorial Trophy
Henrik Sedin
86.5%
Ted Lindsay Award
Alexander Ovechkin
86.5%
Prince of Wales Trophy
Philadelphia Flyers
85.1%
Vezina Trophy
Ryan Miller
82.4%
Award
Recipient(s)
% Correct
Frank J. Selke Trophy
Pavel Datsyuk
77.7%
James Norris Memorial Trophy
Duncan Keith
77%
Calder Memorial Trophy
Tyler Myers
66.9%
Lady Byng Memorial Trophy
Martin St. Louis
57.4%
Jack Adams Award
Dave Tippett
49.3%
William M. Jennings Trophy
Martin Brodeur
47.3%
Bill Masterton Memorial Trophy
Jose Theodore
37.2%
King Clancy Memorial Trophy
Shane Doan
25.7%
R. Crozier Saving Grace Award
Tuukka Rask
25.7%
NHL Plus/
Minus Award
Jeff Schultz
21.6%
Quiz Playlist
Details
Report
Send in Message
Add To Playlist
Classic:
Type in answers that appear in a list
Quiz Source
Last Updated: Feb 16, 2017
Quiz Scoreboard
CHALLENGE
Sign Up to Join the Scoreboard
Show All
Scores
Hide
Comments
May contain spoilers
Recently Published
Colored Red Africa Blitz
by spor1
Geography
30s
Find the 'City' Movie
by crazypaving
Movies
60s
5x2 Blitz: Bands
by SL_Kpop136
Music
30s
More to Explore
Quiz From the Vault
Featured Blog Post
14 Easter Pick-up Lines to Find Eggs With
hide this ad
You Might Also Like...
Tags
NHL Quiz
2009-2010
Award
recipient
team
Today's Top Quizzes in Sports
Browse Sports
hide this ad
Today's Top Quizzes in NHL
Browse NHL
Top Contributed Quizzes in Sports
1
Les entraîneurs de l'OM et du PSG au 21e siècle
2
Les meilleurs buteurs des matchs entre le PSG et l’OM
3
Les joueurs passés par le PSG et l'OM
4
Players with Multiple 50 Home Run Seasons
5
2022 World Cup Stars
6
Criteria MLB: Left Handed Sluggers
7
NBA Logic Puzzle 2.0
8
MLB Players with Two .350 Batting Average Seasons
9
Top 10 NHL Goal Scorers of All Time
10
Les joueurs passés par le LOSC et le RC Lens
Explore More
Trending Topics
Kpop
NBA
Anime
Harry Potter
Disney
Crossword
Marvel
The Office
Song
WWE
Puzzle
NFL
Country
Soccer
Pokémon
hide this ad
More By:
stjaernstoft
Quiz
Plays
Rating
Category
Featured
Created
Apples and Oranges
129,524
4.39
Geography
May 17, 2010
Foreign-Born Population: Sweden
48,292
4.57
Geography
Mar 1, 2010
FIFA Players of the Year
17,309
4.64
Sports
Jun 17, 2010
NHL Top 100 - 2009
7,272
4.48
Sports
Jun 1, 2010
Electricity Consumption per Capita
1,858
4.69
Geography
May 14, 2010
Go to Creator's Profile
Score Distribution
Quiz Creator Spotlight
stjaernstoft
Follow
Send a Message
Quizzes Created
-
Created Quiz Play Count
-
More By This Creator
Popular Quizzes Today
1
Colored Red Africa Blitz
2
Find the 'City' Movie
3
5x2 Blitz: Bands
4
Find the US States - No Outlines Minefield
5
The Countries of the World
6
Find the US States
7
US States
8
Find the Countries of Europe - No Outlines Minefield
More Sports Quizzes
Coached 50+ Champions' League Games
Published
Trending Quizzes
Colored Red Europe Blitz I
Colored Red Europe Blitz II
Colored Red Africa Blitz II
Colored Red Europe Blitz III
Colored Red Africa Blitz III
Recently Updated
How Do You Spell That?
pecheneg
Godzilla Movies
pecheneg
Grab Bag: 4-10 Letters
pecheneg
2024 March Madness Bracket
pecheneg
Famous TV Couples
Peacemaker
Champions League XIs: Real Madrid
pecheneg
Largest US Cities 1790-2010
pecheneg
Rides in Walt Disney World
pecheneg
Most Oscar Losses (Acting)
pecheneg
Beyoncé Albums
pecheneg
Trending Topics
Crossword
Marvel
Disney
Anime
Harry Potter
NBA
Kpop
The Office
Pokémon
Song
WWE
NFL
Soccer
Puzzle
Country
Your Account Isn't Verified!
In order to create a playlist on Sporcle, you need to verify the email address you used during registration. Go to your
Sporcle Settings
to finish the process.
Report this User
Report this user for behavior that violates our
Community Guidelines
.
Details:
Send Report
Go to the Sporcle.com Mobile Site →
Comments